Helping children to write

Αποθηκεύτηκε σε:
Λεπτομέρειες βιβλιογραφικής εγγραφής
Κύριος συγγραφέας: Browne, Ann
Μορφή: Βιβλίο
Γλώσσα:English
Δημοσίευση: London : Paul Chapman, 1993
Θέματα:
Ετικέτες: Προσθήκη ετικέτας
Δεν υπάρχουν, Καταχωρήστε ετικέτα πρώτοι!

MARC

LEADER 00000nam a2200000 i 4500
001 1/99646
008 000127s1993 eng d
020 |a 1-85396-224-4 
035 |l 10056966 
040 |a GR-MY-UA  |b gre  |e aacr 
041 0 |a eng 
082 0 |a 372.623 
100 1 |a Browne, Ann. 
245 1 0 |a Helping children to write /  |c Ann Browne 
260 |a London :   |b Paul Chapman,   |c 1993 
300 |a 148 p. 
650 0 0 |a English language  |x Composition and exercises  |x Study and teaching (Elementary)  |z Great Britain. 
650 0 0 |a Curriculum planning  |z Great Britain. 
852 |a INST  |b RHODES  |e 20000127  |h 372.623 BRO  |p 005400012225  |q 005400012225  |t BK  |y 0 
901 |a BIBL4-2000-1 
909 |a Ρ  |b 068615 
922 |a 4ΕΛΗ  |b 199909  |c ΚΠΣ/154  |d GLORY BOOKS 
970 |a ΚΟΥΛΑΚΙΟΤΗ  |b ΛΙΤΣΑ  |z 2000/01/27